000 01085nam a2200289 i 4500
003 DO-SdBNP
005 20260120131539.0
007 ta
008 250722b2016 dr || |||| 001 0 spa d
040 _aDO-SdBNP
_bspa
_cBNPHU
_erda
041 _aspa
082 4 _axxxx
_bP849
_222
100 1 _aPortes Rodríguez, Andrés,
_eautor
_4aut.
_95216
245 1 3 _aEl espíritu en la vida familiar /
_cAndrés Portes Rodríguez ; prólogo, Cecilia Marrugo ; introducción, Esther E. Portes
264 1 _aSanto Domingo :
_bMinisterio la Voz del Consolador,
_c2016.
300 _a240 páginas ;
_c23 cm.
336 _atexto
_btxt
_2rdacontent
337 _asin mediación
_bn
_2rdamedia
338 _avolumen
_bnc
_2rdacarrier
500 _aIncluye datos biografícos del autor en la contracubierta.
590 _aInventariado, 2025/ YL
650 4 _aIndios de las Indias Occidentales
_xHistoria
_zRepública Dominicana
_988410
700 1 _aMarrugo, Cecilia,
_eprólogo
_4pr.
_96960
700 1 _aPortes, Esther E.,
_eintroducción
_4int.
_982302
910 _aYLockward
942 _2ddc
_cLBS1
999 _c59599
_d59599